LEADER 01690nam a2200373 i 4500 001 000000332015 003 CaOOAMICUS 005 20190111143004.0 008 190111s2018 it u000 u mul u 013 $a233187 020 $a978-88-452-8164-8 040 $aSeMil$bita 041 1 $aita$agre 100 0 $aAristoteles,$d<384-322 a.C.>.$0(OLS)http://semarc/name/1263 240 10$aOrganon.$0(OLS)http://semarc/title/420716 245 10$aOrganon /$cAristotele ; coordinamento generale di Maurizio Migliori ; saggi introduttivi, traduzioni, note e apparati di Marina Bernardini ... [et al.]. 260 $aMilano :$bBompiani,$c2018. 300 $aLXII, 2290 p. ;$c22 cm. 490 0 $aIl pensiero occidentale 500 $aTesto greco a fronte 505 0 $aContiene: Categorie, De interpretatione, Analitici primi, Analitici secondi, Topici, Confutazioni sofistiche 650 4$aLogica aristotelica.$0(OLS)http://semarc/subject/3298 650 4$aLogica - Opere anteriori al 1900.$0(OLS)http://semarc/subject/48061 700 1 $aBernardini, Marina,$d<1983- >,$ecollaboratore.$0(OLS)http://semarc/name/87955 700 1 $aMigliori, Maurizio,$d<1943- >,$ecuratore.$0(OLS)http://semarc/name/7577 830 0$aBompiani Il pensiero occidentale.$0(OLS)http://semarc/title/10111 850 $aSeMil 852 $aSeMil$W1$xVenegono$y1$m2OA IV 433$j209976$B223921$CSeMilBibl$Z2$F223921 $81 900 0 $aAristotele. 996 $6020$a978-88-452-8164-8$9(OLS)http://semarc/number/286176 996 $6245$aOrganon$9(OLS)http://semarc/title/2245 996 $6260$aMilano :$bBompiani$9(OLS)http://semarc/publisher/29706 LEADER 01306nam a2200289 i 4500 001 000000047097 003 CaOOAMICUS 005 20150605000000.0 008 150605s1979 it u000 u ita u 013 $a18267 040 $aSeMil$bita 100 1 $aLamberton, D.M.$0(OLS)http://semarc/name/23425 240 14$aThe theory of profit.$0(OLS)http://semarc/title/70774 245 13$aLa teoria del profitto /$cD.M. Lamberton./ ; Edizione italiana a cura di Ferruccio Marzano. 260 $aPadova :$bAntonio Milani,$c1979. 300 $aXXVIII, 251 p. ;$c24 cm. 490 0 $aCollana di traduzioni ;$v3 500 $aContiene : Bibliografia. 650 4$aEconomia - Pensiero.$0(OLS)http://semarc/subject/683 650 4$aProfitto.$0(OLS)http://semarc/subject/9962 700 1 $aMarzano, Ferruccio.$0(OLS)http://semarc/name/23426 830 0$aCollana di traduzioni / Istituto di economia politica, Facoltà di economia e commercio dell'Università di Roma ;$v3.$0(OLS)http://semarc/title/43407 850 $aSeMil 852 $aSeMil$W1$xVenegono$y1$m3N IV 189$j13252$B13252$CSeMilBibl$Z2$F13252 $81 961 $aOmaggio: Agenzia internazionale 996 $6245$aLa teoria del profitto$9(OLS)http://semarc/title/70773 996 $6260$aPadova :$bAntonio Milani$9(OLS)http://semarc/publisher/40872